| 000 | 00610nam a2200145Ia 4500 | ||
|---|---|---|---|
| 008 | 231129s2014||||xx |||||||||||||| ||spa|| | ||
| 020 | _a978-958-734-146-1 | ||
| 040 | _bspa | ||
| 082 | _a353.40986106 A473p | ||
| 100 | _aílvarez-Correa G. Miguel | ||
| 245 | 0 | _aEl peso de la medida: economía política pública del sistema de responsabilidad penal para adolescentes y salud mental costos y metas | |
| 260 | _c2014 | ||
| 264 | _aBogotá Colombia : Bogotá : Fondo Antonio Restrepo Barco : Procuraduría General de la Nación : IMP Ediciones | ||
| 942 |
_2ddc _cBKS |
||
| 999 |
_c12068 _d12068 |
||